Understanding political theory (Record no. 9949)

MARC details
000 -LEADER
fixed length control field 00447cam a2200181ua 4500
008 - FIXED-LENGTH DATA ELEMENTS--GENERAL INFORMATION
fixed length control field 190805n ii |||gr||||Z||||||eng
040 ## - CATALOGING SOURCE
Transcribing agency MAIN
041 ## - LANGUAGE CODE
-- eng
082 ## - DEWEY DECIMAL CLASSIFICATION NUMBER
Classification number 320.5
100 ## - MAIN ENTRY--PERSONAL NAME
Personal name Titus Bhengra,
Relator term
245 ## - TITLE STATEMENT
Title Understanding political theory
Statement of responsibility, etc. By Titus Bhengra
250 ## - EDITION STATEMENT
Edition statement 1st ed.
260 ## - PUBLICATION, DISTRIBUTION, ETC.
Place of publication, distribution, etc. Dibrugarh:
Name of publisher, distributor, etc. Mahaveer publications,
Date of publication, distribution, etc. 2019.
300 ## - PHYSICAL DESCRIPTION
Extent 216p.
942 ## - ADDED ENTRY ELEMENTS (KOHA)
Koha item type Books
653 ## - INDEX TERM--UNCONTROLLED
Uncontrolled term Political science
Holdings
Withdrawn status Lost status Damaged status Not for loan Home library Current library Shelving location Date acquired Total Checkouts Full call number Barcode Date last seen Copy number Price effective from Koha item type Date last checked out
        Central Library, Naharkatiya College Central Library, Naharkatiya College General Stacks 19/09/2020   320.5 | BHE 27977 08/03/2025 1 19/09/2020 Books  
        Central Library, Naharkatiya College Central Library, Naharkatiya College General Stacks 19/09/2020 1 320.5 | BHE 27978 06/12/2021 2 19/09/2020 Books 17/11/2021
        Central Library, Naharkatiya College Central Library, Naharkatiya College General Stacks 19/09/2020   320.5 | BHE 27979 19/09/2020 3 19/09/2020 Books  

Naharkatiya College © 2020. All rights reserved.

Powered By